LEADER 00679nam0-22002531i-450- 001 990001187760403321 035 $a000118776 035 $aFED01000118776 035 $a(Aleph)000118776FED01 035 $a000118776 100 $a20000920d1972----km-y0itay50------ba 101 0 $aeng 200 1 $aIntegral matrices$fby NEWMAN M. 210 $aNew York [etc.]$cAcademic Press$d1972 225 1 $aPure and applied mathematics$v45 700 1$aNewman,$bMorris$056027 801 0$aIT$bUNINA$gRICA$2UNIMARC 901 $aBK 912 $a990001187760403321 952 $aC-27-(45$b12718$fMA1 959 $aMA1 996 $aIntegral matrices$9342558 997 $aUNINA DB $aING01 LEADER 01573nam 2200385 n 450 001 996394426403316 005 20221108010010.0 035 $a(CKB)4940000000121973 035 $a(EEBO)2240952250 035 $a(UnM)99869641 035 $a(EXLCZ)994940000000121973 100 $a19940803d1661 uh | 101 0 $aeng 135 $aurbn||||a|bb| 200 10$aBy the King. A proclamation, prohibiting all unlawful and seditious meetings and conventicles under pretence of religious worship$b[electronic resource] 210 $a[London $cPrinted by John Bill, Printer to the King's most excellent Majesty, 1660. At the King's Printing-House in Black-Friers$d1661] 215 $a1 sheet ([1] p.) 300 $aCaption title. 300 $aDated at end: Given at Our Court at Whitehall, the tenth day of January, one thousand six hundred and sixty, in the twelfth year of Our Reign. 300 $aAnnotation on Thomason copy: "Jan. 11". 300 $aReproduction of the original in the British Library. 330 $aeebo-0018 606 $aFreedom of religion$zEngland$vEarly works to 1800 606 $aAssembly, Right of$zEngland$vEarly works to 1800 615 0$aFreedom of religion 615 0$aAssembly, Right of 801 0$bCu-RivES 801 1$bCu-RivES 801 2$bCStRLIN 801 2$bUk-ES 801 2$bWaOLN 906 $aBOOK 912 $a996394426403316 996 $aBy the King. A proclamation, prohibiting all unlawful and seditious meetings and conventicles under pretence of religious worship$92317348 997 $aUNISA